000 007050000a22001930004500
090 _aAR
_b02684
245 1 0 _aComportamiento de forrajeo del playero aliblanco (<Catoptrophorus semipalmatus>) en relación con el contexto social y con la presencia de huevos de Limulus
650 1 4 _aAves
_992429
650 1 4 _aOrnitología
_993189
650 1 4 _aEtología
_97606
650 1 4 _aUso del hábitat
_93825
651 4 _lIsla Seahorse Key
_dFlorida
_pEstados Unidos
_992749
653 _gCatoptrophorus
_eCatoptrophorus semipalmatus
041 0 _aEspañol
700 1 _aMurcia, Carolina
_94211
100 1 _aKattan, Gustavo H.
_94374
942 _cARTICULO
773 1 _tOrnitología Neotropical
_362
_q101-103
_d1987
999 _c11746
_d11746